Countries with the Most of One Animal - Statistics

General Stats
  • This quiz has been taken 38 times
  • The average score is 9 of 13
Answer Stats
Animal Country % Correct
Kangaroo Australia
100%
Giant Panda China
89%
Alligator USA
89%
Lemur Madagascar
87%
Grizzly Bear Canada
82%
Tiger India
79%
Penguin Argentina
71%
Orangutan Indonesia
68%
Lion Tanzania
66%
Elephant Botswana
63%
Jaguar Brazil
61%
Hippo Mozambique
21%
Hummingbird Ecuador
3%
No matching quizzes found
Score Distribution
Percent of People with Each Score
Percentile by Number Answered
Your Score History
You have not taken this quiz